000 01999nam0a2200361 4500
001 RU\NLR\BIBL_A\011956640
005 20190326143156.0
010 _a978-5-16-014620-1
_9500
021 _aRU
_bКН-П-19-008579
_9КН-П-19-0637
035 _a(NLR Aleph) 011956640
035 _a(RuMoRGB)009891206
090 _a11179717
_c11179717
100 _a20190311d2019 u y0rusy50 ca
101 0 _arus
102 _aRU
105 _aa z 010zy
200 1 _aОсновы клинической ревматологии
_eучебное пособие для студентов высших учебных заведений, обучающихся по направлению подготовки 31.05.01 "Лечебное дело" (квалификация "врач общей практики")
_fВ. Г. Лычев, И. Е. Бабушкин, А. В. Андриенко
_gпод редакцией заслуженного работника высшей школы РФ, профессора В. Г. Лычева
210 _aМосква
_cИНФРА-М
_d2019
215 _a196 с.
_cтабл.
_d22
225 1 _aСпециалитет
225 1 _aВысшее образование - Специалитет
300 _aНа тит.л. и обл.: Алтайский Государственный Медицинский Университет. 65 лет
320 _aБиблиогр.: с. 194-196 (44 назв.)
606 1 _aКлиническая ревматология
_jУчебные издания для высших учебных заведений
_91656061
_3RU\NLR\AUTH\66733293
686 1 _aР55я73
700 1 _aЛычев
_bВ. Г.
_gВалерий Германович
701 1 _aБабушкин
_bИ. Е.
_gИгорь Евгеньевич
701 1 _aАндриенко
_bА. В.
_gАлексей Владимирович
942 _cBOOK
980 _aNBR
980 _aNB